| 000 | 01279cam a22002771i 4500 | ||
|---|---|---|---|
| 003 | SA-RiAUC | ||
| 005 | 20241225065558.0 | ||
| 008 | 241224s1992 le g 000 0 ara c | ||
| 040 |
_aSA-JeALM _bara _cSA-RiAUC _erda |
||
| 082 | 0 | 4 | _a245 |
| 090 |
_a245 _bل و ي |
||
| 100 | 1 |
_aاللويحق، عبد الرحمن بن معلا، _d1384 هجري- _eمؤلف. |
|
| 245 | 1 | 2 |
_aالغلو في الدين في حياة المسلمين المعاصرة : _bدراسة علمية حول مظاهر الغلو ومفاهيم التطرف والأصولية / _cتأليف عبد الرحمن بن معلا اللويحق. |
| 250 | _aالطبعة الأولى. | ||
| 264 | 1 |
_aبيروت : _bمؤسسة الرسالة للطباعة والنشر والتوزيع، _c1992 |
|
| 300 |
_a602 صفحة ؛ _c24 سم |
||
| 336 |
_aنص _btxt _2rdacontent _3كتاب |
||
| 337 |
_aبدون وسيط _bn _2rdamedia |
||
| 338 |
_aمجلد _bnc _2rdacarrier |
||
| 500 | _aاهداء من المؤلف عبدالرحمن اللويحق بتاريخ 10 / 9 / 1416 هـ | ||
| 650 | 7 |
_aالتطرف الديني _2aucsh |
|
| 650 | 7 |
_aالتعصب الديني _2aucsh |
|
| 650 | 7 |
_aالأصولية الإسلامية _2aucsh |
|
| 942 |
_2ddc _cBOOK _n0 |
||
| 949 |
_aSA-JeALM _d241224 _uosman123 _n1 |
||
| 999 |
_c3933 _d3933 |
||